| 000 -LEADER |
| fixed length control field |
00293nam a2200121 4500 |
| 003 - CONTROL NUMBER IDENTIFIER |
| control field |
OSt |
| 005 - DATE AND TIME OF LATEST TRANSACTION |
| control field |
20230727164459.0 |
| 008 - FIXED-LENGTH DATA ELEMENTS--GENERAL INFORMATION |
| fixed length control field |
230727b ||||| |||| 00| 0 eng d |
| 245 ## - TITLE STATEMENT |
| Title |
Human Settlements performance standards |
| 260 ## - PUBLICATION, DISTRIBUTION, ETC. (IMPRINT) |
| Place of publication, distribution, etc |
New York |
| Name of publisher, distributor, etc |
United nations |
| 300 ## - PHYSICAL DESCRIPTION |
| Extent |
83p; |
| 942 ## - ADDED ENTRY ELEMENTS (KOHA) |
| Source of classification or shelving scheme |
|